50 живописцев по их полотнам - Statistics

General Stats
  • This quiz has been taken 20 times
  • The average score is 25 of 50
Answer Stats
Picture Answer % Correct
Леонардо да Винчи
100%
Винсент ван Гог
94%
Иван Айвазовский
94%
Виктор Васнецов
89%
Сальвадор Дали
89%
Валентин Серов
89%
Пабло Пикассо
89%
Иван Шишкин
83%
Архип Куинджи
78%
Василий Саврасов
78%
Казимир Малевич
78%
Кузьма Петров-Водкин
78%
Василий Кандинский
72%
Илья Репин
72%
Иероним Босх
72%
Василий Суриков
72%
Клод Моне
72%
Карл Брюллов
67%
Андрей Рублёв
67%
Михаил Врубель
67%
Исаак Левитан
67%
Питер Брейгель
61%
Ян Вермеер
61%
Рембрандт
61%
Энди Уорхол
56%
Поль Гоген
56%
Фрида Кало
50%
Франсиско Гойя
50%
Рене Магритт
44%
Караваджо
44%
Василий Пукирев
39%
Фёдор Решетников
33%
Бэнкси
33%
Грант Вуд
28%
Покрас Лампас
22%
Поль Сезанн
22%
Диего Веласкес
17%
Генри Фюссли
11%
Отто Дикс
11%
Рой Лихтенштейн
11%
Григорий Мясоедов
11%
Фрэнсис Бэкон
11%
Мауриц Эшер
11%
Уильям Блейк
11%
Вася Ложкин
11%
Макс Бекманн
6%
Ганс Гигер
6%
Луис Уэйн
6%
Здислав Бексиньский
6%
Борис Вальехо
6%
No matching quizzes found
Score Distribution
Percent of People with Each Score
Percentile by Number Answered
Your Score History
You have not taken this quiz